000 00371nam a22001577a 4500
020 _a978-81-264-3447-3
082 _a894.812.1
_bRAV/A
100 _aRAVIVARMA,ATTOOR
245 _aATTOOR KAVITHAKAL
246 _aATTOOR KAVITHAKAL
_bATTOOR KAVITHAKAL
260 _aINDIA
_bD C BOOKS
300 _a336
520 _aKAVITHAKAL
650 _aMALAYALAM POEMS
942 _cBK
999 _c8746
_d8746